Care homes review (Record no. 119320)

MARC details
000 -LEADER
fixed length control field 01117cas a22002415a 4500
001 - CONTROL NUMBER
control field L153320
008 - FIXED-LENGTH DATA ELEMENTS--GENERAL INFORMATION
fixed length control field 110711c2007 xxk r wss eng u
035 ## - SYSTEM CONTROL NUMBER
System control number (Sirsi) u153320
041 0# - LANGUAGE CODE
Language code of text/sound track or separate title eng
050 ## - LIBRARY OF CONGRESS CALL NUMBER
Classification number 333.33 $2 18
110 2# - MAIN ENTRY--CORPORATE NAME
Corporate name or jurisdiction name as entry element Colliers International
9 (RLIN) 5548
245 00 - TITLE STATEMENT
Title Care homes review
Medium [electronic resource]
260 ## - PUBLICATION, DISTRIBUTION, ETC.
Place of publication, distribution, etc. [S.l.]
Name of publisher, distributor, etc. Colliers International
Date of publication, distribution, etc. 2007-
362 0# - DATES OF PUBLICATION AND/OR SEQUENTIAL DESIGNATION
Dates of publication and/or sequential designation Spring 2007-
490 #0 - SERIES STATEMENT
Series statement Colliers International Care Homes Review
Volume/sequential designation 2007-
520 ## - SUMMARY, ETC.
Summary, etc. Regular series of papers that provides in-depth analysis of the healthcare property and business sector, focusing on long-term residential and nursing care for the elderly derived from more than 3,500 records across a wide spectrum of different care providers, from corporates through to single home operator.
554 ## -
-- Two per year
650 24 - SUBJECT ADDED ENTRY--TOPICAL TERM
Topical term or geographic name entry element COLLIERS INTERNATIONAL CARE HOMES REVIEW
651 #4 - SUBJECT ADDED ENTRY--GEOGRAPHIC NAME
Geographic name United Kingdom
Chronological subdivision
690 ## - LOCAL SUBJECT ADDED ENTRY--TOPICAL TERM (OCLC, RLIN)
Topical term or geographic name as entry element PROPERTY-COMMERCIAL PROPERTY-COMMERCIAL PROPERTY MARKET
856 40 - ELECTRONIC LOCATION AND ACCESS
Uniform Resource Identifier <a href="https://www.colliers.com/markets/uk/HealthcareReports">https://www.colliers.com/markets/uk/HealthcareReports</a>
Public note View the report free of charge at www.colliers.com
942 ## - ADDED ENTRY ELEMENTS (KOHA)
Suppress in OPAC 0
Holdings
Withdrawn status Lost status Source of classification or shelving scheme Damaged status Not for loan Home library Current library Shelving location Date acquired Total Checkouts Full call number Barcode Date last seen Copy number Price effective from Koha item type
    Dewey Decimal Classification     Virtual Virtual Online 11/07/2011   ONLINE PUBLICATION 153320-2001 06/08/2019 1 06/08/2019 Book